Vista normal
Vista MARC
Entrada Nombre corporativo
Número de registros utilizados en: 1
001 - NÚMERO DE CONTROL
- Campo de control: 37159
003 - IDENTIFICADOR DE NÚMERO DE CONTROL
- Campo de control: ES-MaCES
005 - FECHA Y HORA DE LA ULTIMA MODIFICACION
- Campo de control: 20160728120900.0
008 - ELEMENTOS DE DATOS DE LONGITUD FIJA
- Campo de longitud fija: 160728|| azz||aabn | a|a d
040 ## - FUENTE DE LA CATALOGACIÓN
- Agencia original de catalogación: ES-MaCES
110 14 - ENCABEZAMIENTO--NOMBRE CORPORATIVO
- Nombre corporativo o de jurisdicción como elemento de entrada: España
- Título de una obra: Ley del tercer sector de acción social
- Lugar de reunión o firma del tratado: 2015
670 ## - FUENTE DE DATOS ENCONTRADOS
- Fuente de citación: BOE» núm. 243, de 10 de octubre de 2015, páginas 94844 a 94852 (9 págs.)
- Información encontrada: Ley 43/2015, de 9 de octubre

